[Event "SVK-chT1W 1920"]
[Site "Slovakia"]
[Date "2019.11.09"]
[Round "3.3"]
[White "Sarok, Peter"]
[Black "Kalisky, Vladimir"]
[Result "1-0"]
[WhiteElo "2108"]
[BlackElo "2113"]
[PlyCount "147"]
[EventDate "2019.10.12"]
[EventType "team-tourn"]
[EventRounds "11"]
[EventCountry "SVK"]
[SourceTitle "CBM 193 Extra"]
[Source "ChessBase"]
[SourceDate "2020.01.31"]
[SourceVersion "1"]
[SourceVersionDate "2020.01.31"]
[SourceQuality "1"]
[WhiteTeam "Batorove Kosihy"]
[BlackTeam "Nitra NSK"]
[WhiteTeamCountry "SVK"]
[BlackTeamCountry "SVK"]

1. Nf3 c5 2. c4 Nc6 3. d4 cxd4 4. Nxd4 Nf6 5. g3 g6 6. Bg2 Bg7 7. 0-0 0-0 8. Nc3 Nxd4 9. Qxd4 d6 10. Qd3 Rb8 11. Rd1 Be6 12. Bd2 Nd7 13. b3 a6 14. Rac1 b5 15. cxb5 axb5 16. Nd5 Nc5 17. Qe3 Qd7 18. Bb4 Na6 19. Nxe7+ Qxe7 20. Bxd6 Qf6 21. Qa7 Rfd8 22. Qxa6 Bg4 23. Qa3 Bxe2 24. Bxb8 Bxd1 25. Bc7 Rd7 26. Bf4 Bf8 27. Rc8 Rd8 28. Rxd8 Qxd8 29. Qa8 Qxa8 30. Bxa8 Bc2 31. f3 Bc5+ 32. Kg2 Bb1 33. a4 bxa4 34. bxa4 Bd3 35. Bc6 Ba6 36. Bc7 Kf8 37. f4 Ke7 38. Kf3 f5 39. h3 h5 40. Be5 Bf1 41. h4 Bc4 42. Bc3 Bd3 43. Bd2 Ba6 44. Be3 Bb4 45. Bf2 Bf1 46. Bb5 Bxb5 47. axb5 Kd6 48. Ke2 Kd5 49. Kd3 Bd6 50. b6 Kc6 51. Kc4 Bb8 52. Bd4 Bd6 53. b7 Kxb7 54. Kd5 Bb8 55. Bf2 Kc7 56. Ke6 Kc6 57. Be1 Ba7 58. Kf6 Kd5 59. Kxg6 Ke6 60. Kxh5 Kf6 61. Bc3+ Kf7 62. Kg5 Bf2 63. Kxf5 Bxg3 64. h5 Kg8 65. Bf6 Kh7 66. Bg5 Be1 67. Kg4 Bc3 68. f5 Kg7 69. Kf3 Kf7 70. Ke4 Bb2 71. Be3 Bf6 72. h6 Kg8 73. Kd5 Kf7 74. Bd4 1-0

[Event "SVK-chT2B 1718"]
[Site "Slovakia"]
[Date "2018.03.18"]
[Round "11.2"]
[White "Marko, Anton"]
[Black "Sarok, Peter"]
[Result "1-0"]
[WhiteElo "2078"]
[BlackElo "2137"]
[PlyCount "69"]
[EventDate "2017.10.28"]
[EventType "team-tourn"]
[EventRounds "11"]
[EventCountry "SVK"]
[SourceTitle "EXT 2020"]
[Source "ChessBase"]
[SourceDate "2019.10.17"]
[SourceVersion "1"]
[SourceVersionDate "2019.10.17"]
[SourceQuality "1"]
[WhiteTeam "Topolcany"]
[BlackTeam "Batorove Kosihy"]
[WhiteTeamCountry "SVK"]
[BlackTeamCountry "SVK"]

1. c4 e6 2. g3 d5 3. Bg2 Nf6 4. Nf3 Be7 5. d4 0-0 6. 0-0 Nbd7 7. Nc3 c6 8. b3 b6 9. Bb2 Ba6 10. Nd2 Rc8 11. e4 b5 12. exd5 exd5 13. cxb5 Bxb5 14. Nxb5 cxb5 15. a3 Bd6 16. Re1 a5 17. Rc1 Rxc1 18. Qxc1 Qb8 19. Nf1 b4 20. a4 Rc8 21. Qd2 h6 22. Qd3 Qb7 23. Ne3 Re8 24. Rc1 Ne4 25. Qc2 Ndf6 26. Qc6 Qxc6 27. Rxc6 Bf8 28. Bc1 Nc3 29. Kf1 g6 30. Rxf6 Bg7 31. Ra6 Bxd4 32. Rxa5 Rc8 33. Bd2 Nb1 34. Bxb4 Rc1+ 35. Ke2 1-0

[Event "SVK-chT2B 1718"]
[Site "Slovakia"]
[Date "2018.02.04"]
[Round "7.3"]
[White "Sarok, Peter"]
[Black "Foldesi, Marek"]
[Result "1-0"]
[WhiteElo "2119"]
[BlackElo "2040"]
[PlyCount "117"]
[EventDate "2017.10.28"]
[EventType "team-tourn"]
[EventRounds "11"]
[EventCountry "SVK"]
[SourceTitle "EXT 2019"]
[Source "ChessBase"]
[SourceDate "2018.10.10"]
[SourceVersion "1"]
[SourceVersionDate "2018.10.10"]
[SourceQuality "1"]
[WhiteTeam "Batorove Kosihy"]
[BlackTeam "Levice"]
[WhiteTeamCountry "SVK"]
[BlackTeamCountry "SVK"]

1. d4 d5 2. c4 e6 3. Nc3 Nf6 4. Bg5 Be7 5. Nf3 0-0 6. e3 Nbd7 7. cxd5 Nxd5 8. Bxe7 Qxe7 9. Bd3 Nxc3 10. bxc3 e5 11. Qc2 g6 12. 0-0 b6 13. Be4 Rb8 14. Bc6 exd4 15. cxd4 Qd6 16. Rac1 Ba6 17. Rfd1 Rbc8 18. Qa4 Nb8 19. Rd2 Qe7 20. Ne5 Qg5 21. Nd7 Nxc6 22. Qxa6 Nb4 23. Qxa7 Rfd8 24. Qb7 Qa5 25. Ne5 Nxa2 26. Nc4 Qa8 27. Qxa8 Rxa8 28. Ra1 Nc3 29. Rxa8 Rxa8 30. g3 b5 31. Ne5 b4 32. Rb2 Ra1+ 33. Kg2 Rb1 34. Rxb1 Nxb1 35. Nd3 b3 36. Nb2 f5 37. Kf1 Kf7 38. Ke2 Nc3+ 39. Kd3 Ne4 40. f3 Ng5 41. Ke2 Ke6 42. h4 Nf7 43. Kd3 g5 44. Kc3 gxh4 45. gxh4 Kd5 46. Nd3 Nd6 47. Nf4+ Kc6 48. Kxb3 Ne8 49. Nh5 Kd6 50. Kc4 Ke6 51. Kc5 Nd6 52. Kc6 Nc4 53. e4 fxe4 54. fxe4 Nd6 55. Ng3 Ne8 56. h5 Ke7 57. h6 Ke6 58. e5 Ke7 59. d5 1-0

[Event "SVK-chT2B 1718"]
[Site "Slovakia"]
[Date "2018.01.14"]
[Round "6.3"]
[White "Dlhy, Jozef"]
[Black "Sarok, Peter"]
[Result "1/2-1/2"]
[WhiteElo "2080"]
[BlackElo "2119"]
[PlyCount "27"]
[EventDate "2017.10.28"]
[EventType "team-tourn"]
[EventRounds "11"]
[EventCountry "SVK"]
[SourceTitle "EXT 2019"]
[Source "ChessBase"]
[SourceDate "2018.10.10"]
[SourceVersion "1"]
[SourceVersionDate "2018.10.10"]
[SourceQuality "1"]
[WhiteTeam "Tlmace"]
[BlackTeam "Batorove Kosihy"]
[WhiteTeamCountry "SVK"]
[BlackTeamCountry "SVK"]

1. d4 d5 2. Nf3 Nf6 3. Bg5 Ne4 4. Bf4 c5 5. c3 e6 6. e3 Nc6 7. Nbd2 Nxd2 8. Qxd2 Bd6 9. Be2 0-0 10. 0-0 b6 11. Ne5 Bb7 12. Nxc6 Bxc6 13. Bxd6 Qxd6 14. f4 1/2-1/2

[Event "SVK-chT2B 1718"]
[Site "Slovakia"]
[Date "2018.01.13"]
[Round "5.3"]
[White "Sarok, Peter"]
[Black "Balogh, Peter1111"]
[Result "1-0"]
[WhiteElo "2119"]
[BlackElo "2094"]
[PlyCount "29"]
[EventDate "2017.10.28"]
[EventType "team-tourn"]
[EventRounds "11"]
[EventCountry "SVK"]
[SourceTitle "EXT 2019"]
[Source "ChessBase"]
[SourceDate "2018.10.10"]
[SourceVersion "1"]
[SourceVersionDate "2018.10.10"]
[SourceQuality "1"]
[WhiteTeam "Batorove Kosihy"]
[BlackTeam "Komarno II"]
[WhiteTeamCountry "SVK"]
[BlackTeamCountry "SVK"]

1. d4 d5 2. c4 Nc6 3. cxd5 Qxd5 4. Nf3 Bg4 5. Nc3 Qh5 6. d5 0-0-0 7. Qa4 Nb8 8. Qxa7 Nf6 9. e4 Bxf3 10. gxf3 Qxf3 11. Rg1 e6 12. Rg3 Qh1 13. Bf4 Nxe4 14. Bxc7 Nxg3 15. Qxb8+ 1-0

[Event "Fejer County-ch"]
[Site "Fejer Region"]
[Date "2016.11.19"]
[Round "6"]
[White "Sarok, Peter"]
[Black "Papagorasz, Takisz"]
[Result "0-1"]
[WhiteElo "2161"]
[BlackElo "2131"]
[PlyCount "64"]
[EventDate "2016.11.05"]
[EventType "swiss"]
[EventRounds "7"]
[EventCountry "HUN"]
[SourceTitle "EXT 2018"]
[Source "ChessBase"]
[SourceDate "2017.10.13"]
[SourceVersion "1"]
[SourceVersionDate "2017.10.13"]
[SourceQuality "1"]

1. Nf3 Nf6 2. c4 e6 3. g3 b6 4. Bg2 Bb7 5. 0-0 Be7 6. d4 d5 7. Nc3 0-0 8. cxd5 Nxd5 9. Qc2 Nd7 10. Rd1 Qc8 11. Nxd5 exd5 12. Bg5 Bd6 13. Rac1 Qe8 14. Bf4 Bxf4 15. gxf4 c6 16. e3 Qe7 17. Qf5 g6 18. Qg5 f6 19. Qh6 Rfd8 20. h4 Nf8 21. Kh1 Rac8 22. Rg1 Rc7 23. f5 Qe4 24. fxg6 hxg6 25. Ne5 Qf5 26. Nxg6 Nxg6 27. Kh2 Rg7 28. h5 Rh7 29. Bxd5+ Kh8 30. Qxh7+ Kxh7 31. hxg6+ Kg7 32. e4 Qxf2+ 0-1

[Event "Fejer County-ch"]
[Site "Fejer Region"]
[Date "2016.11.05"]
[Round "1"]
[White "Horvath, Miklos1111"]
[Black "Sarok, Peter"]
[Result "0-1"]
[WhiteElo "1673"]
[BlackElo "2161"]
[PlyCount "66"]
[EventDate "2016.11.05"]
[EventType "swiss"]
[EventRounds "7"]
[EventCountry "HUN"]
[SourceTitle "EXT 2018"]
[Source "ChessBase"]
[SourceDate "2017.10.13"]
[SourceVersion "1"]
[SourceVersionDate "2017.10.13"]
[SourceQuality "1"]

1. f4 g6 2. c3 Bg7 3. e4 c5 4. Nf3 Nc6 5. Bb5 Qb6 6. Qe2 e6 7. Na3 Nge7 8. Nc4 Qc7 9. d3 0-0 10. 0-0 Nb8 11. Ba4 a6 12. Bc2 b5 13. Nce5 d6 14. Ng4 Bb7 15. Be3 Nbc6 16. Rad1 a5 17. d4 cxd4 18. Nxd4 Nxd4 19. cxd4 b4 20. Bd3 h5 21. Nf2 d5 22. Rc1 Qb6 23. Rc5 dxe4 24. Nxe4 Nf5 25. Rb5 Qa7 26. Rxb7 Qxb7 27. Nc5 Qd5 28. Bxf5 Qxf5 29. h3 Rfd8 30. g4 hxg4 31. hxg4 Qd5 32. Rd1 Rac8 33. Rd2 Qxa2 0-1

[Event "HUN-chT2 Breyer 1516"]
[Site "Hungary"]
[Date "2016.03.20"]
[Round "9.6"]
[White "Sarok, Peter"]
[Black "Karacsonyi, Gellert"]
[Result "1-0"]
[WhiteElo "2139"]
[BlackElo "2055"]
[PlyCount "83"]
[EventDate "2015.09.13"]
[EventType "team-tourn"]
[EventRounds "11"]
[EventCountry "HUN"]
[SourceTitle "EXT 2017"]
[Source "ChessBase"]
[SourceDate "2016.10.25"]
[SourceVersion "1"]
[SourceVersionDate "2016.10.25"]
[SourceQuality "1"]
[WhiteTeam "Kisber Aszar"]
[BlackTeam "Kobanya Aquarena"]
[WhiteTeamCountry "HUN"]
[BlackTeamCountry "HUN"]

1. d4 f5 2. Bf4 Nf6 3. e3 g6 4. h4 h6 5. Nf3 d6 6. Bc4 e6 7. Nbd2 Bg7 8. c3 0-0 9. Qc2 Kh7 10. Bb3 Qe7 11. e4 e5 12. dxe5 dxe5 13. Bxe5 Nxe4 14. Bxg7 Kxg7 15. 0-0 Nxd2 16. Qxd2 Nc6 17. Rfe1 Qf6 18. Qf4 Qd6 19. Qxd6 cxd6 20. Rad1 Rd8 21. Nd4 d5 22. Nb5 Rd7 23. Bxd5 Ne7 24. Bf3 Rxd1 25. Rxd1 a6 26. Nd6 Nc6 27. Nxc8 Rxc8 28. Rd7+ Kf6 29. Rxb7 Ke5 30. Rb6 Ne7 31. Rxa6 g5 32. Rxh6 g4 33. Be2 Rd8 34. g3 Rd2 35. Bc4 Nd5 36. Bxd5 Kxd5 37. Rb6 f4 38. gxf4 g3 39. Rb4 gxf2+ 40. Kf1 Ke6 41. f5+ Kxf5 42. a4 1-0

[Event "HUN-chT2 Breyer 1516"]
[Site "Hungary"]
[Date "2015.12.06"]
[Round "6.6"]
[White "Korodi, Mihaly"]
[Black "Sarok, Peter"]
[Result "0-1"]
[WhiteElo "1861"]
[BlackElo "2139"]
[PlyCount "118"]
[EventDate "2015.09.13"]
[EventType "team-tourn"]
[EventRounds "11"]
[EventCountry "HUN"]
[SourceTitle "CBM 170 Extra"]
[Source "ChessBase"]
[SourceDate "2016.02.25"]
[SourceVersion "1"]
[SourceVersionDate "2016.02.25"]
[SourceQuality "1"]
[WhiteTeam "Turul"]
[BlackTeam "Kisber Aszar"]
[WhiteTeamCountry "HUN"]
[BlackTeamCountry "HUN"]

1. e4 e6 2. d4 Nf6 3. Bd3 d5 4. e5 Ne4 5. Nd2 Nxd2 6. Bxd2 c5 7. c3 Nc6 8. Ne2 Qb6 9. Rb1 Bd7 10. Be3 cxd4 11. Bxd4 Bc5 12. Bc2 Rc8 13. 0-0 Bxd4 14. cxd4 Nb4 15. Ba4 Bxa4 16. Qxa4+ Nc6 17. Rfd1 0-0 18. Qa3 Rc7 19. Qe3 Rfc8 20. h4 Ne7 21. Ng3 h6 22. Qf4 Rc2 23. Nh5 Ng6 24. Qg4 Rxb2 25. Rxb2 Qxb2 26. Nxg7 Kxg7 27. h5 Rc1 28. hxg6 fxg6 29. Kh2 Rxd1 30. Qxd1 Qxf2 31. Qa4 a6 32. Qd7+ Qf7 33. Qc8 h5 34. a4 Kh7 35. Kh1 Qf1+ 36. Kh2 Qf4+ 37. Kh1 Qh4+ 38. Kg1 Qxd4+ 39. Kh1 Qh4+ 40. Kg1 Qe1+ 41. Kh2 Qxe5+ 42. Kh1 Qa1+ 43. Kh2 Qxa4 44. Qxb7+ Kh6 45. Qc8 Qh4+ 46. Kg1 Qe1+ 47. Kh2 Qe5+ 48. Kh1 h4 49. Qxa6 Qe1+ 50. Kh2 Qg3+ 51. Kh1 h3 52. gxh3 Qxh3+ 53. Kg1 d4 54. Qc8 Qe3+ 55. Kh2 d3 56. Qf8+ Kg5 57. Qe7+ Kg4 58. Qf7 Qg3+ 59. Kh1 Qf3+ 0-1

[Event "HUN-chT2 Breyer 1516"]
[Site "Hungary"]
[Date "2015.11.29"]
[Round "5.6"]
[White "Sarok, Peter"]
[Black "Takacs, Kevin"]
[Result "1-0"]
[WhiteElo "2139"]
[BlackElo "1976"]
[PlyCount "51"]
[EventDate "2015.09.13"]
[EventType "team-tourn"]
[EventRounds "11"]
[EventCountry "HUN"]
[SourceTitle "CBM 170 Extra"]
[Source "ChessBase"]
[SourceDate "2016.02.25"]
[SourceVersion "1"]
[SourceVersionDate "2016.02.25"]
[SourceQuality "1"]
[WhiteTeam "Kisber Aszar"]
[BlackTeam "Sarkany DSE"]
[WhiteTeamCountry "HUN"]
[BlackTeamCountry "HUN"]

1. d4 d5 2. c4 e6 3. Nf3 Nf6 4. Nc3 c6 5. e3 Nbd7 6. Bd3 dxc4 7. Bxc4 b5 8. Bd3 a6 9. e4 c5 10. e5 b4 11. exf6 bxc3 12. fxg7 Bxg7 13. bxc3 Bb7 14. 0-0 cxd4 15. cxd4 Bxf3 16. Qxf3 Bxd4 17. Bg5 Ne5 18. Qh5 Qd5 19. Rad1 Nxd3 20. Rxd3 h6 21. Qd1 hxg5 22. Rxd4 Qxa2 23. Qf3 Ke7 24. Qb7+ Kf6 25. f4 g4 26. f5 1-0

[Event "Level op-A 3rd"]
[Site "Level"]
[Date "2015.03.29"]
[Round "7"]
[White "Csuta, Akos Koppany"]
[Black "Sarok, Peter"]
[Result "0-1"]
[WhiteElo "2011"]
[BlackElo "2107"]
[PlyCount "108"]
[EventDate "2015.03.27"]
[EventType "swiss"]
[EventRounds "7"]
[EventCountry "HUN"]
[SourceTitle "EXT 2020"]
[Source "ChessBase"]
[SourceDate "2019.10.17"]
[SourceVersion "1"]
[SourceVersionDate "2019.10.17"]
[SourceQuality "1"]

1. e4 e6 2. d3 d5 3. Nd2 Nf6 4. Ngf3 Nc6 5. g3 dxe4 6. dxe4 e5 7. Bg2 Bc5 8. 0-0 Be6 9. c3 a5 10. Ng5 Bd7 11. Qe2 0-0 12. Nb3 Bb6 13. Be3 Bxe3 14. Qxe3 a4 15. Nc5 Bc8 16. h3 b6 17. Nd3 Ba6 18. Rfd1 Qe7 19. Nf3 Rfd8 20. Bf1 g6 21. Rd2 Ne8 22. Rad1 Nd6 23. b3 Kg7 24. h4 h6 25. Bh3 h5 26. c4 axb3 27. axb3 Bxc4 28. Nc1 Bb5 29. Na2 Na5 30. Rd5 f6 31. Nc3 Bc6 32. R5d3 Nxb3 33. Ne2 Nc5 34. R3d2 Ncxe4 35. Rc2 Ba4 36. Rxd6 Nxd6 37. Rc1 Nc8 38. Nc3 Bc6 39. Nd2 Qc5 40. Qe1 Qb4 41. Qe3 Qd4 42. Qxd4 Rxd4 43. Nb3 Rd8 44. Ne2 Ne7 45. Bg2 Bxg2 46. Kxg2 c6 47. Rb1 Rd5 48. Nc3 Rd3 49. Ne4 Kf7 50. Nc1 Rd4 51. f3 b5 52. Nb3 Ra2+ 53. Kf1 Rb4 54. Nec5 g5 0-1

[Event "Level op-A 3rd"]
[Site "Level"]
[Date "2015.03.29"]
[Round "6"]
[White "Sarok, Peter"]
[Black "Berta, Sandor Martin"]
[Result "0-1"]
[WhiteElo "2107"]
[BlackElo "2050"]
[PlyCount "85"]
[EventDate "2015.03.27"]
[EventType "swiss"]
[EventRounds "7"]
[EventCountry "HUN"]
[SourceTitle "EXT 2020"]
[Source "ChessBase"]
[SourceDate "2019.10.17"]
[SourceVersion "1"]
[SourceVersionDate "2019.10.17"]
[SourceQuality "1"]

1. d4 Nf6 2. Nf3 g6 3. c4 Bg7 4. Nc3 0-0 5. e4 d6 6. Be2 Na6 7. 0-0 e5 8. d5 Nc5 9. Qc2 a5 10. Ne1 Nfd7 11. Be3 f5 12. f3 f4 13. Bf2 h5 14. b3 g5 15. a3 b6 16. Nd3 Nxd3 17. Qxd3 Rf7 18. b4 Bf8 19. Rfc1 Rg7 20. Kh1 g4 21. Bg1 Qg5 22. Na4 Nf6 23. c5 Bd7 24. Qd1 g3 25. Bf1 h4 26. Ra2 h3 27. cxb6 Nxe4 28. gxh3 Nf2+ 29. Rxf2 gxf2 30. Bxf2 Qh5 31. Rxc7 Rc8 32. Nc3 Rxc7 33. bxc7 Bxh3 34. Ne4 Be7 35. Bb6 Rh7 36. bxa5 Kf7 37. Bg1 Rh8 38. a6 Rc8 39. a7 Rxc7 40. a8Q Rc1 41. Qaa4 Bxf1 42. Qab3 Rxd1 43. Qxd1 0-1

[Event "Szekesfehervar-ch"]
[Site "Szekesfehervar"]
[Date "2014.09.13"]
[Round "2"]
[White "Kovacs, Imre"]
[Black "Sarok, Peter"]
[Result "0-1"]
[WhiteElo "1816"]
[BlackElo "2123"]
[PlyCount "60"]
[EventDate "2014.09.13"]
[EventType "swiss"]
[EventRounds "7"]
[EventCountry "HUN"]
[SourceTitle "EXT 2016"]
[Source "ChessBase"]
[SourceDate "2015.10.08"]
[SourceVersion "1"]
[SourceVersionDate "2015.10.08"]
[SourceQuality "1"]

1. e4 e6 2. d4 d5 3. e5 c5 4. c3 Qb6 5. Nf3 Bd7 6. Bd3 Nc6 7. Bc2 cxd4 8. cxd4 Nb4 9. Bb3 Qa6 10. Bc2 Rc8 11. Nc3 Ne7 12. a3 Nxc2+ 13. Qxc2 Nc6 14. Qe2 Qxe2+ 15. Kxe2 Na5 16. Nd2 Be7 17. f4 0-0 18. g4 f6 19. h4 fxe5 20. fxe5 Rf7 21. Kd3 Rf4 22. b4 Nc6 23. Ne2 Rxg4 24. Nb3 Rg2 25. Nf4 Nxb4+ 26. axb4 Bb5+ 27. Ke3 Rc3+ 28. Nd3 Rxd3+ 29. Kf4 Rf2+ 30. Kg4 Rxb3 0-1

[Event "HUN-chT2 Szechenyi 1415"]
[Site "Hungary"]
[Date "2014.09.07"]
[Round "1.6"]
[White "Gaal, Ede"]
[Black "Sarok, Peter"]
[Result "1-0"]
[WhiteElo "1996"]
[BlackElo "2123"]
[PlyCount "87"]
[EventDate "2014.09.07"]
[EventType "team-tourn"]
[EventRounds "11"]
[EventCountry "HUN"]
[SourceTitle "EXT 2016"]
[Source "ChessBase"]
[SourceDate "2015.10.08"]
[SourceVersion "1"]
[SourceVersionDate "2015.10.08"]
[SourceQuality "1"]
[WhiteTeam "Lovo"]
[BlackTeam "Kisber Aszar"]
[WhiteTeamCountry "HUN"]
[BlackTeamCountry "HUN"]

1. e4 e6 2. d4 d5 3. e5 c5 4. c3 Qb6 5. Nf3 Bd7 6. Bd3 Bb5 7. dxc5 Bxc5 8. b4 Bxd3 9. Qxd3 Bf8 10. 0-0 Nc6 11. Be3 Qc7 12. Nbd2 Nge7 13. Rfe1 Nf5 14. Rab1 Be7 15. b5 Na5 16. b6 Qd7 17. bxa7 Nxe3 18. Qxe3 Nc6 19. c4 d4 20. Qe4 0-0 21. Rb3 Rxa7 22. Qg4 Ra5 23. c5 Bxc5 24. Ng5 Be7 25. Nxh7 Rxe5 26. Rxe5 Nxe5 27. Nxf8 Bxf8 28. Qe4 Nc6 29. Qb1 Nd8 30. Rh3 g6 31. Ne4 Bg7 32. Rb3 Qd5 33. h4 Qh5 34. g3 Qd5 35. Qd3 Qh5 36. Ra3 Qd5 37. Ra8 e5 38. f3 Kh7 39. Ng5+ Kg8 40. Qb3 Qd7 41. Nxf7 Qxf7 42. Rxd8+ Bf8 43. Qxf7+ Kxf7 44. Rd7+ 1-0

[Event "HUN-chT2 Breyer 1314"]
[Site "Hungary"]
[Date "2014.03.23"]
[Round "7.8"]
[White "Sarok, Peter"]
[Black "Albert, Janos"]
[Result "1/2-1/2"]
[WhiteElo "2157"]
[BlackElo "1953"]
[PlyCount "120"]
[EventDate "2013.09.08"]
[EventType "team-tourn"]
[EventRounds "9"]
[EventCountry "HUN"]
[SourceTitle "EXT 2016"]
[Source "ChessBase"]
[SourceDate "2015.10.08"]
[SourceVersion "1"]
[SourceVersionDate "2015.10.08"]
[SourceQuality "1"]
[WhiteTeam "Kisber Aszar"]
[BlackTeam "Zsambek"]
[WhiteTeamCountry "HUN"]
[BlackTeamCountry "HUN"]

1. d4 d6 2. e4 Nf6 3. Nc3 g6 4. Nf3 Bg7 5. h3 0-0 6. Be3 c6 7. a4 Nbd7 8. Be2 Qc7 9. 0-0 e5 10. dxe5 dxe5 11. Qd2 Re8 12. Rfd1 Bf8 13. Bc4 Nb6 14. Bb3 Be6 15. Bxe6 Rxe6 16. Qe2 a5 17. Nd2 Ree8 18. Nc4 Nxc4 19. Qxc4 Qe7 20. Bg5 Rad8 21. Qb3 Kg7 22. Qb6 Qb4 23. Qxb4 Bxb4 24. Bxf6+ Kxf6 25. Ne2 Bd2 26. Nc1 Bxc1 27. Raxc1 Rd4 28. Rxd4 exd4 29. f3 Ke5 30. Kf2 Rd8 31. g3 c5 32. Ke2 h5 33. Kd3 g5 34. Rf1 Rg8 35. f4+ gxf4 36. gxf4+ Kd6 37. Kc4 Rg2 38. e5+ Kc6 39. c3 Rxb2 40. cxd4 Rb4+ 41. Kd3 Rxd4+ 42. Ke3 Rxa4 43. f5 Rd4 44. e6 fxe6 45. f6 Rd8 46. Ke4 a4 47. Ke5 b5 48. Kxe6 Rd6+ 49. Ke5 h4 50. f7 Rd8 51. f8Q Rxf8 52. Rxf8 c4 53. Kd4 c3 54. Rb8 a3 55. Kd3 Kc5 56. Kc2 a2 57. Ra8 Kc4 58. Rc8+ Kb4 59. Ra8 Kc4 60. Rc8+ Kb4 1/2-1/2